| 000 | 00629nam a22002177a 4500 | ||
|---|---|---|---|
| 003 | OSt | ||
| 005 | 20140310182807.0 | ||
| 008 | 130215t xxu||||| |||| 00| 0 eng d | ||
| 020 | _a9710859900 | ||
| 050 |
_aHF 5549.12 _b.M672 1999 |
||
| 100 | _aMiranda, Gregorio S. | ||
| 245 |
_aSupervisory management : _b "the management of effective supervision" / _cGregorio S. Miranda. |
||
| 260 |
_aMandaluyong City : _b National Book Store, _c1999. |
||
| 300 |
_axiv, 204 p. ; _c23 cm. |
||
| 521 | _aBSBA | ||
| 546 | _aC6676 | ||
| 546 | _aC6675 | ||
| 650 | _aSupervision of employees. | ||
| 942 |
_2lcc _cBK _kLOC |
||
| 999 |
_c16095 _d16095 |
||